Eurovision 4th placements - Statistics

General Stats
  • This quiz has been taken 115 times
  • The average score is 4 of 18
Answers on the Grid
Answers color-coded by a green-red scale on the quiz's grid according to % correct below.
Sweden
United Kingdom
Yugoslavia
Luxembourg
Australia
Russia
Armenia
Kosovo
Belgium
Ireland
Switzerland
Spain
Netherlands
Palestine
Albania
San Marino
Malta
Israel
Monaco
France
Germany
Denmark
Iceland
Italy
Hungary
Norway
Portugal
Finland
Ukraine
Bulgaria
 
Answer Stats
Answer % Correct
Sweden
76%
United Kingdom
51%
Belgium
29%
Italy
29%
France
27%
Germany
27%
Switzerland
27%
Luxembourg
25%
Israel
22%
Spain
20%
Yugoslavia
20%
Denmark
15%
Netherlands
15%
Iceland
14%
Ireland
12%
Norway
8%
Hungary
7%
Monaco
2%
No matching quizzes found
Score Distribution
Percent of People with Each Score
Percentile by Number Answered
Your Score History
You have not taken this quiz